The king in yellow / (Record no. 414328)
[ view plain ]
| 000 -LEADER | |
|---|---|
| fixed length control field | 02036cam a2200337 i 4500 |
| 001 - CONTROL NUMBER | |
| control field | 1201226279 |
| 005 - DATE AND TIME OF LATEST TRANSACTION | |
| control field | 20251217143333.0 |
| 008 - FIXED-LENGTH DATA ELEMENTS--GENERAL INFORMATION | |
| fixed length control field | 201027s2021 ilu b 000 1 eng |
| 010 ## - LIBRARY OF CONGRESS CONTROL NUMBER | |
| LC control number | 2020048797 |
| 020 ## - INTERNATIONAL STANDARD BOOK NUMBER | |
| International Standard Book Number | 9781464213717 |
| Qualifying information | (trade paperback) |
| 040 ## - CATALOGING SOURCE | |
| Original cataloging agency | DLC |
| Language of cataloging | eng |
| Description conventions | rda |
| Transcribing agency | DLC |
| Modifying agency | OCLCO |
| -- | OCLCF |
| -- | BDX |
| -- | TOH |
| -- | OCLCO |
| -- | JTH |
| -- | OCLCO |
| -- | FQW |
| 042 ## - AUTHENTICATION CODE | |
| Authentication code | pcc |
| 092 ## - LOCALLY ASSIGNED DEWEY CALL NUMBER (OCLC) | |
| Classification number | adult fiction |
| Item number | Chambers |
| 100 1# - MAIN ENTRY--PERSONAL NAME | |
| Personal name | Chambers, Robert W. |
| Fuller form of name | (Robert William), |
| Dates associated with a name | 1865-1933, |
| Relator term | author. |
| 9 (RLIN) | 6557723 |
| 245 14 - TITLE STATEMENT | |
| Title | The king in yellow / |
| Statement of responsibility, etc | Robert W Chambers ; with an introduction by Nic Pizzolatto. |
| 264 #1 - Production, Publication, Distribution, Manufacture, and Copyright Notice. | |
| Place of production, publication, distribution, manufacture | Naperville, Illinois : |
| Name of producer, publisher, distributor, manufacturer | Poisoned Pen Press, |
| Date of production, publication, distribution, manufacture, or copyr | [2021] |
| 300 ## - PHYSICAL DESCRIPTION | |
| Extent | 238 pages ; |
| Dimensions | 22 cm. |
| 336 ## - Content Type | |
| Content type term | text |
| 337 ## - Media type | |
| Media type term | unmediated |
| 338 ## - Carrier type | |
| Carrier type term | volume |
| 490 1# - SERIES STATEMENT | |
| Series statement | Haunted library of horror classics. |
| 500 ## - GENERAL NOTE | |
| General note | "Originally published as The King in Yellow in 1895 in New York City, New York, United States of America, by F. Tennyson Neely." |
| 504 ## - BIBLIOGRAPHY, ETC. NOTE | |
| Bibliography, etc | Includes bibliographical references. |
| 520 ## - SUMMARY, ETC. | |
| Summary, etc | "The King in Yellow is a book of short stories by American writer Robert W. Chambers, first published in 1895. The book is named after a play with the same title which recurs as a motif through some of the stories. The first half of the book features highly esteemed weird stories, and the book has been described by critics as a classic in the field of the supernatural. There are ten stories, the first four of which ("The Repairer of Reputations", "The Mask", "In the Court of the Dragon", and "The Yellow Sign") mention The King in Yellow, a forbidden play which induces despair or madness in those who read it. "The Yellow Sign" inspired a film of the same name released in 2001"-- |
| 655 #7 - INDEX TERM--GENRE/FORM | |
| Genre/form data or focus term | Horror fiction. |
| Source of term | lcgft. |
| 655 #7 - INDEX TERM--GENRE/FORM | |
| Genre/form data or focus term | Paranormal fiction. |
| Source of term | lcgft. |
| 9 (RLIN) | 5674233 |
| 655 #7 - INDEX TERM--GENRE/FORM | |
| Genre/form data or focus term | Short stories. |
| Source of term | lcgft. |
| 700 1# - ADDED ENTRY--PERSONAL NAME | |
| Personal name | Pizzolatto, Nic, |
| Dates associated with a name | 1975- |
| Relator term | writer of introduction. |
| 9 (RLIN) | 6208051 |
| 830 #0 - SERIES ADDED ENTRY--UNIFORM TITLE | |
| Uniform title | Haunted library of horror classics. |
| 9 (RLIN) | 6557724 |
| 942 ## - ADDED ENTRY ELEMENTS (KOHA) | |
| Source of classification or shelving scheme | Dewey Decimal Classification |
| Koha item type | BOOK |
| Withdrawn status | Lost status | Source of classification or shelving scheme | Damaged status | Not for loan | Collection code | Home library | Current library | Shelving location | Date acquired | Source of acquisition | Total Checkouts | Total Renewals | Full call number | Barcode | Checked out | Date last seen | Date checked out | Cost, replacement price | Price effective from | Koha item type |
|---|---|---|---|---|---|---|---|---|---|---|---|---|---|---|---|---|---|---|---|---|
| Dewey Decimal Classification | Fiction | Wasatch County Library | Wasatch County Library | First Floor | 12/17/2025 | Ingram | 1 | 2 | F Chambers | 34301002175406 | 03/07/2026 | 01/07/2026 | 01/07/2026 | 14.99 | 12/17/2025 | BOOK |
